000 00791nam a2200265 i 4500
001 bgj
100 1 _aYULE, George
245 1 0 _aExplaining English grammar /
_cGeorge Yule.
250 _a2nd impr.
260 _aOxford,
_c2000
_aOxford University Press.
300 _aXV, 333 pp :
_bill. ;
_c25 cm.
490 1 _aOxford Handbooks for Language Teachers
500 _a1st publ. 1998 by OUP.
504 _aIncludes index.
650 9 _aEnglish language
_xStudy and teaching
650 9 _aEnglish language
_xHandbook for teachers
650 9 _aEnglish teachers
_xTraining of
830 _aOxford Handbooks for Language Teachers
020 _a0194371727
040 _cBPK
041 0 _aeng
920 _a0-19-437172-7
942 _cKS
008 s uk f |000 0 eng
999 _c48328
_d48328
856 _uhttp://koha.tu.koszalin.pl/cgi-bin/koha/opac-detail.pl?biblionumber=48328
_yKatalog online BPK